000 00604nam a2200205 a 4500
001 15877
003 CO-ViMGA
008 141112s2004 ck r 000 u spa d
020 _a9586040178
040 _aCO-ViMGA
_bspa
_cCO-ViMGA
082 0 4 _a347.7 M671r
100 1 _aMorales Casas, Francisco
_922818
245 1 0 _aLa Rendición de cuentas
260 _aBogotá,
_cTemis.1984
300 _a338.p.
590 _aForma de adquisición : Donación - - Precio :
_10.000
650 1 4 _aRESPONSABILIDAD CIVIL - COLOMBIA
_97944
650 1 4 _aRESPONSABILIDAD CONTRACTUAL - COLOMBIA
_922819
942 _2ddc
_cBK
999 _c25913
_d25913